000 00790namaa2200217 i 4500
001 178930
003 ES-MaACL
005 20230906220626.0
008 110810s1902 fr | |||| ||fre d
080 _a613.31
100 1 _aMalméjac, F.
_9147569
245 1 2 _aL'eau dans l'alimentation /
_cpar F. Malméjac ; prèface de M. F. Schlagdenhauffen.
260 _aParis :
_bFélix Alcan :
_bAncienne Librairie Germer Baillière et Cª,
_c1902.
300 _aII, 312 p. :
_bil. ;
_c22 cm.
490 1 _aBibliothèque scientifique internationale ;
_v97
650 4 _aAgua potable-
_xAspectos sanitarios.
_9147570
700 1 _aSchlagdenhauffen, F.
_9147571
830 0 _aBibliothèque scientifique internationale ;
_v97
_9186949
852 _aES-MaACL
_jF-14425
999 _c178930
_d178930